000 00311nam a2200121Ia 4500
008 240731s9999 xx 000 0 und d
022 _a1538-9286
245 0 _aAmerican Journal of Distance Education
260 _bRoutledge
856 _uhttps://www.tandfonline.com/loi/hajd20
942 _2ddc
942 _cTFEJ
999 _c75249
_d75249
945 _a1
_bMadushi Gamage
_c1
_dMadushi Gamage